| 000 | 00338nam a22001217a 4500 | ||
|---|---|---|---|
| 082 | _a621.4021 DOO'E | ||
| 100 |
_aZERBAN, A. H,DOOLITTLE, J. S _974849 |
||
| 245 | _aENGINEERING THERMODYNAMICS THEORY AND APPLICATIONS | ||
| 260 |
_aUSA _bINTERNATIONAL _c1957 |
||
| 300 | _a494P | ||
| 650 |
_aENGINEERING THERMODYNAMICS _959703 |
||
| 942 | _cBK | ||
| 999 |
_c580355 _d580355 |
||